| 000 | 00482nam a22001697a 4500 | ||
|---|---|---|---|
| 999 |
_c8402 _d8403 |
||
| 008 | 191126b ||||| |||| 00| 0 eng d | ||
| 020 | _a0534377181 | ||
| 082 | _a515 STE | ||
| 100 | _aStewart, James | ||
| 245 |
_aCalculus : _bconcepts and contexts |
||
| 250 | _a2nd ed. | ||
| 260 |
_aAustralia ; Pacific Grove, CA : _bBrooks/Cole, _c2001. |
||
| 300 |
_a xxiv, 990, 145, 8 p. : _bill. (some col.) ; _c27 cm. |
||
| 500 | _aIncludes index. | ||
| 650 | _aCalculus. | ||
| 942 | _2ddc | ||